00454nam a2200157Ia 4500008004100000020001400041082001500055100003700070245002300107250000700130260004500137300002400182500001900206600002100225650005000246240925s9999 xx 000 0 und d a130959669 a004.77 RUB aWilliam , Rubin ; Brain, Marshal 0aUnderstanding DCOM aNA aNew Jersey:bPrintice- Hall Int.c,1999. a328p.bNAfOriginal aIncludes Index aComputer Science aComputer science, information & general works